000 00669cam a2200193 4500
001 000594189
003 AM-YeHGA
005 20250617141644.0
008 740121s1973 vau d 000 0 eng d
040 _aAM-YeHGA
041 0 _aeng
100 1 _aRaymond, Walter John,
_d1930-
245 1 0 _aDictionary of politics :
_bSelected American and foreign political and legal terms /
_cby Walter J. Raymond.
260 _aLawrenceville, Va. [i.e. Hampton, Va.] :
_bHampton Institute Press,
_c1973.
300 _avi, 349 p. ;
_c30 cm.
500 _aImprint corrected on the basis of information from author.
650 0 _aPolitical science
_xDictionaries.
090 _c244268
999 _c242687
_d242687